|
|
|
|
| LEADER |
00000nab a2200000uu 4500 |
| 001 |
vtls011442254 |
| 003 |
SK-MaSNL |
| 005 |
20260303123320.0 |
| 008 |
230213|1971 xo |||||||||||||||||slo| |
| 015 |
|
|
|a SNBRB
|
| 035 |
|
|
|a (urnnbn)urn:nbn:sk:snk:ar-0031yu
|
| 035 |
|
|
|a (uuid)71cf80a4-18f8-448b-ab27-18a638ed7aff
|
| 035 |
|
|
|a urn:nbn:sk:snk-abcgb9
|
| 040 |
|
|
|a SNKBUCL
|b slo
|c SNKBUCL
|e AACR2
|
| 041 |
0 |
|
|a slo
|
| 044 |
|
|
|a xo
|c SK
|
| 100 |
1 |
|
|a Kaňuščák, Pavel,
|d 1935-
|4 aut
|9 92181
|
| 245 |
1 |
0 |
|a HNIEZDENIE TESÁRA ČIERNEHO (DRYOCOPUS MARTIUS L.) NA DOLNOM POVAŽÍ
|c Pavel Kaňuščák
|
| 773 |
0 |
|
|t Biológia : časopis Slovenskej akadémie vied
|g Roč. 26, č. 2 (1971), s. 157-159
|
| 954 |
|
|
|a odborná, vedecká literatúra pôvodná (slovenská)
|2 lita
|
| 958 |
|
|
|a OND
|
| 958 |
|
|
|a EUIPO
|
| 958 |
|
|
|a article16
|
| 999 |
|
|
|c 1925128
|d 1927058
|